Moderné metódy manažérskeho rozhodovania a ich využitie vo vybranom podniku diplomová práca

Guardado en:
Detalles Bibliográficos
Autor principal: Fabianová, Veronika
Autor Corporativo: Fakulta podnikového manažmentu EU. Katedra manažmentu
Otros Autores: Jankelová, Nadežda, 1966-
Formato: Libro
Lenguaje:eslovaco
Publicado: Bratislava 2017
Etiquetas: Agregar Etiqueta
Sin Etiquetas, Sea el primero en etiquetar este registro!

MARC

LEADER 00000nbm a2200000 4500
001 0232417
005 20171219095027.9
041 0 |a slo 
044 |a SK 
245 1 0 |a Moderné metódy manažérskeho rozhodovania a ich využitie vo vybranom podniku  |b diplomová práca  |c Veronika Fabianová ; školiteľ: Nadežda Jankelová 
264 1 |a Bratislava  |c 2017 
300 |a 65 s. 
100 1 |a Fabianová, Veronika 
700 1 |a Jankelová, Nadežda, 1966- 
710 2 |a Fakulta podnikového manažmentu EU. Katedra manažmentu